| LEADER | 00712nam a2200205 4500 | ||
|---|---|---|---|
| 082 | |a 907.6 |b H561d | ||
| 100 | |a Phan Ngọc Liên | ||
| 245 | |a Hướng dẫn ôn thi ĐH - CĐ môn Lịch sử |c Phan Ngọc Liên, Trần Bá Đệ, Nguyễn Thị Côi | ||
| 250 | |a Tái bản lần thứ 3 có sửa chữa | ||
| 260 | |a H. |b ĐHSP |c 2003 | ||
| 300 | |a 395tr. |c 21cm | ||
| 520 | |a v..v | ||
| 653 | |a Lịch sử | ||
| 653 | |a ôn tập | ||
| 653 | |a luyện thi | ||
| 653 | |a đại học | ||
| 653 | |a cao đẳng | ||
| 942 | |2 ddc |c SH | ||
| 999 | |c 9751 |d 9751 | ||
| 952 | |0 0 |1 0 |2 ddc |4 0 |6 907_600000000000000_H561D |7 0 |8 900 |9 76881 |a qbu |b qbu |c D5 |d 2015-06-02 |g 27000 |l 1 |o 907.6 H561d |p 9792.c1 |r 2017-03-29 |s 2017-03-29 |w 2015-06-02 |y SH | ||